| 000 | 02551cam a22005294i 4500 | ||
|---|---|---|---|
| 003 | PE-LiUPU | ||
| 005 | 20250731173213.0 | ||
| 008 | 150625s1946 miu r 000 0 eng d | ||
| 035 | _a(Sirsi) a32511 | ||
| 040 |
_aPE-LiUPU _bspa _cPE-LiUPU _dPE-LiUPU _erda |
||
| 049 | _aPRUA | ||
| 082 | 0 | 4 |
_a220.6 _bV71 _221 |
| 100 | 1 |
_aVincent, Marvin R., _d1834-1922, _eautor. |
|
| 245 | 1 | 0 |
_aWord studies in the new testament / _cMarvin R. Vincent. |
| 264 | 1 |
_aGrand Rapids, MI : _bWm. B. Eerdmans, _c1946. |
|
| 300 |
_a3 volúmenes ; _c23 centimetros |
||
| 336 |
_atext _2rdacontent |
||
| 337 |
_aunmediated _2rdamedia |
||
| 338 |
_avolume _2rdacarrier |
||
| 505 | 0 | _aWord estudies in the new testament. | |
| 526 | _aSEG42 | ||
| 526 | _aSEG41 | ||
| 526 | _aSEG40 | ||
| 526 | _aSEG39 | ||
| 526 | _aP94 | ||
| 526 | _aP87 | ||
| 526 | _aP86 | ||
| 526 | _aP85 | ||
| 526 | _aP77 | ||
| 526 | _aP76 | ||
| 526 | _aP35 | ||
| 630 | 0 | 4 |
_aBiblia _pN.T. _xComentarios. |
| 910 |
_ajck _bjvq _cjck _d20170530 |
||
| 942 |
_2ddc _cBOOK |
||
| 994 |
_aC0 _bPEPRU |
||
| 596 | _a1 | ||
| 999 |
_a220.6 V71 1 _wDEWEY _c40172 _i00214 _d40172 _e2017-5-30 _f2021-11-11 _g5 _lCCODEBUL1 _mBUL _n1 _p20.00 _r0 _sY _tBOOK _u2015-6-25 _xTEOLOGIA _PP35 _0COMPRA _o.STAFF. Colección Teología |
||
| 999 |
_a220.6 V71 1 _wDEWEY _c2 _i75913 _f2021-11-9 _g1 _lCCODEBUL1 _mBUL _p20.00 _r0 _sY _tBOOK _u2020-1-13 _xTEOLOGIA _zP35 _0DONACION _o.STAFF. Colección Teología |
||
| 999 |
_a220.6 V71 2 _wDEWEY _c1 _i00215 _f2021-11-11 _g1 _lCCODEBUL1 _mBUL _p20.00 _r0 _sY _tBOOK _u2020-1-13 _xTEOLOGIA _zP35 _0COMPRA _o.STAFF. Colección Teología |
||
| 999 |
_a220.6 V71 2 _wDEWEY _c2 _i75914 _d2022-6-15 _f2021-11-9 _g1 _lCCODEBUL1 _mBUL _p20.00 _q2 _r0 _sY _tBOOK _u2020-1-13 _xTEOLOGIA _zP35 _0COMPRA _o.STAFF. Colección Teología |
||
| 999 |
_a220.6 V71 3 _wDEWEY _c1 _i00217 _f2021-11-11 _g1 _lCCODEBUL1 _mBUL _p20.00 _r0 _sY _tBOOK _u2020-1-13 _xTEOLOGIA _zP35 _0COMPRA _o.STAFF. Colección Teología |
||
| 999 |
_a220.6 V71 3 _wDEWEY _c2 _i75915 _f2021-11-9 _g1 _lCCODEBUL1 _mBUL _p20.00 _r0 _sY _tBOOK _u2020-1-13 _xTEOLOGIA _zP35 _0DONACION _o.STAFF. Colección Teología |
||
| 999 |
_a220.6 V71 4 _wDEWEY _c1 _i75916 _f2021-11-9 _g1 _lCCODEBUL1 _mBUL _r0 _sY _tBOOK _u2020-1-13 _xTEOLOGIA |
||
| 999 |
_a220.6 V71 4 _wDEWEY _c2 _i00225 _f2021-11-11 _g1 _lCCODEBUL1 _mBUL _p20.00 _r0 _sY _tBOOK _u2020-1-13 _xTEOLOGIA _zP35 _0COMPRA _o.STAFF. Colección Teología |
||
| 980 |
_81 _gALBERTO SANCHEZ Responsable de Automatización |
||